000 01131nam a2200313 i 4500
003 EG-GICUC
005 20260121101341.0
008 251125s2006 ua ||||fr|||| 00| 0 ara d
040 _a EG-GICUC
_bara
_c EG-GICUC
_d EG-GICUC
_erda
041 0 _aara
082 0 4 _221
_a345
_bا ل . و
092 0 4 _221
099 _aLaw1 07 345 ا ل . و 2006
100 0 _aالسيد خليل هيكل
_eمؤلف.
245 1 2 _aالوجيز في القانون الإداري /
_cالأستاذ الدكتور السيد خليل هيكل.
264 _aالقاهرة :
_bدار النهضة العربية،
_c2006.
300 _a187 صفحة ؛
_c24 سم.
336 _2rda content
_atext
337 _2rda media
_aComputer
338 _2rda carrier
_aOnline Resource
504 _aيشتمل على إرجاعات ببليوجرافية.
546 _aالنص باللغة العربية
650 1 4 _aاللامركزية الإدارية
_2qrmak
650 1 4 _aالتنظيم الإداري
651 1 _2qrmak
856 4 0 _uhttps://fll.law.cu.edu.eg/fulltext/bks/B07-00558.pdf
905 _a65
942 _2ddc
_cBK
_e21
_n0
999 _c45824
_d45824